000 00929nam a2200277 i 4500
003 EG-GICUC
005 20260421075158.0
008 260421s1954 fre||||fr|||| 001 0 fre d
040 _aEG-GiCUC
_bfre
_cEG-GiCUC
_dEG-GiCUC
_eRda
082 0 4 _221
_a343
_bZL.E
092 0 4 _221
099 _aLaw 1 10 343 ZL.E 1954
100 1 _a Zlataric, Bogdan.
245 _aL'évolution des idées et de la pratique dans le domaine de l'exécution des sanctions criminellm /
_cBogdan Zlataric.
264 _c1954.
300 _a139 page :
_c 24 cm.
336 _2rda contenu
_a texte
337 _2rda medias
_aOrdinateur
338 _2 transporteur rda
_a Ressource en ligne
504 _aComprend des références bibliographiques et un index.
650 1 4 _aSciences Criminelles
_2qrmak
651 1 _2qrmak
856 4 0 _uhttps://fll.law.cu.edu.eg/fulltext/bks/B10-10025.pdf
905 _a168
_eEman
942 _2ddc
_cBK
_e21
_n0
999 _c72513
_d72513